Apología
Gespeichert in:
| Hauptverfasser: | , |
|---|---|
| Format: | Buch |
| Sprache: | Spanisch |
| Veröffentlicht: |
Madrid
Angel Losada
1975
|
| Schlagworte: | |
| Tags: |
Tag hinzufügen
Keine Tags, Fügen Sie den ersten Tag hinzu!
|
MARC
| LEADER | 00000nam a2200000 a 4500 | ||
|---|---|---|---|
| 001 | UCO2776 | ||
| 003 | CL-VaPUC | ||
| 008 | 000608e19750000SP |||||||||||||||||spa|d | ||
| 082 | 0 | 4 | |a 980.013 |b GIN |2 21 |
| 100 | |a SEPULVEDA, JUAN GINES DE |e author |9 317959 | ||
| 700 | 0 | |a Casas, Bartolomé de las |e author |9 266671 | |
| 245 | 1 | 0 | |a Apología |
| 300 | |a 253 p | ||
| 942 | |c BK | ||
| 945 | |d 20000608 00:00:00 |a rherrera | ||
| 260 | |a Madrid |b Angel Losada |c 1975 | ||
| 600 | 0 | 7 | |a CASAS, BARTOLOME DE LAS |2 CL-VaPUC |9 266671 |
| 600 | 0 | |a SEPULVEDA, JUAN GINES DE |9 317959 | |
| 650 | 7 | |a HISTORIA DE AMERICA SIGLO 16 |2 CL-VaPUC |9 317731 | |
| 650 | 7 | |a EXPANSION EUROPEA |2 CL-VaPUC |9 440588 | |
| 650 | 0 | |a Indios de América del Sur |9 255272 | |
| 650 | 0 | |a Derecho Indiano |9 256266 | |
| 651 | 0 | |a América |9 255182 | |
| 583 | |a last modification |c 20160817 04:51:10 |k Rodrigo Vera | ||
| 999 | |c 289271 |d 289269 | ||
| 952 | |0 0 |1 0 |4 0 |6 980_013000000000000_GIN_1975 |7 0 |8 A |9 337535 |a BIBHIS |b BIBHIS |d 2019-11-20 |i 1287184 |o 980.013 GIN 1975 |p 1287184 |r 2025-01-20 |w 2019-11-20 |y BK |k HIS | ||